Filmy z lat 2000. - nagła śmierć - Statystyki

Ogólne statystyki
  • Ten quiz został rozwiązany 259 razy
  • Średni wynik to 11 z 28
Answers on the Grid
Answers color-coded by a green-red scale on the quiz's grid according to % correct below.
27 sukienek
300
A.I. Sztuczna inteligencja
Amelia
Armageddon
Australia
Avatar
Aż poleje się krew
Batman: Początek
Bee Movie: Miodowe życie
Big Short
Braveheart – Waleczne Serce
Duża ryba
Dwóch gniewnych ludzi
Edward Nożycoręki
Epoka lodowcowa
Gdzie jest Nemo
Grawitacja
High School Musical
Interstellar
Iron Man
Kevin sam w domu
Kill Bill: Vol. 1
La La Land
Lista Schindlera
Ludzkie dzieci
Odlot
Oppenheimer
Park Jurajski
Polowanie na druhny
Pozwól mi wejść
Prezenter
Ratatuj
Ruchomy zamek Hauru
Shrek
Titanic
Toy Story
Ultimatum Bourne’a
Whiplash
Wiking
Wredne dziewczyny
X-Men
Zjawa
Zoolander
 
Statystyki odpowiedzi
Odpowiedź % Poprawnych
2002 Epoka lodowcowa
72%
2009 Avatar
69%
2006 300
64%
2003 Gdzie jest Nemo
61%
2001 Shrek
61%
2005 Batman: Początek
55%
2008 Ratatuj
55%
2006 High School Musical
50%
2008 Iron Man
48%
2001 Amelia
47%
2000 X-Men
44%
2008 27 sukienek
42%
2003 Kill Bill: Vol. 1
41%
2009 Odlot
39%
2001 A.I. Sztuczna inteligencja
36%
2007 Ultimatum Bourne’a
36%
2007 Bee Movie: Miodowe życie
34%
2004 Wredne dziewczyny
34%
2008 Australia
33%
2001 Zoolander
31%
2005 Polowanie na druhny
30%
2007 Aż poleje się krew
29%
2003 Dwóch gniewnych ludzi
28%
2004 Ruchomy zamek Hauru
25%
2006 Ludzkie dzieci
23%
2003 Duża ryba
18%
2004 Prezenter
18%
2008 Pozwól mi wejść
16%
Nie znaleziono quizów pasujących do podanych kryteriów
Rozkład punktacji
Procent ludzi z każdym wynikiem
Percentyl według liczby udzielonych odpowiedzi
Twoja historia wyników
Nie rozwiązałeś tego quizu